000 00822pam a2200277 i 4500
001 9626
003 BD-RjUL
005 20211208234817.0
008 140121s1975 nyua 001 0 eng
020 _a0471095303
035 _a(BD-RjUL)9671
040 _aDLC
_cDLC
_dDLC
_dBD-RjUL
_beng
041 _aeng
082 0 0 _a540
_bBRG 1975
100 1 _aBrady, James E.,
_d1938-
_929803
245 1 0 _aGeneral chemistry :
_bprinciples and structure /
_cJames E. Brady, Gerard E. Humiston.
260 _aNew York :
_bWiley,
_cc1975
300 _ax, 733 p. :
_bcol. illus. ;
_c24 cm.
500 _aStereoscopic viewer in pocket.
500 _aIncludes index.
650 0 _aChemistry.
_929804
700 1 _aHumiston, Gerard E.,
_d1939-
_ejoint author.
_929805
942 _2ddc
_cBK
999 _c9626
_d9626